| 000 | 00993cam a22003011 4500 | ||
|---|---|---|---|
| 001 | 33256 | ||
| 003 | BD-RjUL | ||
| 005 | 20211209051956.0 | ||
| 008 | 140430s1963 miuc b 000 0 eng | ||
| 035 | _a(BD-RjUL)33347 | ||
| 040 |
_aDLC _cDLC _dBD-RjUL _beng |
||
| 041 | 1 |
_aeng _hger |
|
| 082 | 0 | 0 |
_a301 _bTOC 1963 |
| 100 | 1 |
_aTönnies, Ferdinand, _d1855-1936. _9100935 |
|
| 245 | 1 | 0 |
_aCommunity & society (Gemeinschaft und Gesellschaft) / _cTranslated and edited by Charles P. Loomis. |
| 260 |
_aEast Lansing : _bMichigan State University Press , _c1963 |
||
| 300 |
_axii, 298 p. : _bport. ; _c24 cm. |
||
| 504 | _aBibliography: p. 287-289. | ||
| 650 | 0 |
_aSocial structure. _9100980 |
|
| 650 | 0 |
_aCommunities. _9100981 |
|
| 650 | 0 |
_aSocial interaction. _97419 |
|
| 650 | 0 |
_aElite (Social sciences) _9100982 |
|
| 700 | 1 |
_aLoomis, Charles Price, _d1905- _9100983 |
|
| 942 |
_2ddc _cBK |
||
| 999 |
_c33256 _d33256 |
||